ARRUPE JESUIT UNIVERSITY

CORONAVIRUS -STOP THE SPREAD - CLEAN,DISINFECT,COVER

Limits to globalization : (Record no. 128208)

MARC details
000 -LEADER
fixed length control field 01661cam a22003977i 4500
001 - CONTROL NUMBER
control field 18921229
003 - CONTROL NUMBER IDENTIFIER
control field ARRUPE
005 - DATE AND TIME OF LATEST TRANSACTION
control field 20180920142026.0
008 - FIXED-LENGTH DATA ELEMENTS--GENERAL INFORMATION
fixed length control field 151230s2016 enkab b 001 0 eng d
010 ## - LIBRARY OF CONGRESS CONTROL NUMBER
LC control number 2015960978
020 ## - INTERNATIONAL STANDARD BOOK NUMBER
International Standard Book Number 0199681163
020 ## - INTERNATIONAL STANDARD BOOK NUMBER
International Standard Book Number 9780199681167
035 ## - SYSTEM CONTROL NUMBER
System control number (OCoLC)ocn920862656
040 ## - CATALOGING SOURCE
Original cataloging agency YDXCP
Language of cataloging eng
Transcribing agency YDXCP
Description conventions rda
Modifying agency OCLCQ
-- BTCTA
-- BDX
-- CDX
-- OCLCO
-- YDX
-- OCLCF
-- OCLCO
-- GZN
-- OCLCO
-- DLC
042 ## - AUTHENTICATION CODE
Authentication code lccopycat
050 00 - LIBRARY OF CONGRESS CALL NUMBER
Classification number HF1025
Item number .S477 2016
082 04 - DEWEY DECIMAL CLASSIFICATION NUMBER
Classification number 330.9
Edition number 23
300 ## - PHYSICAL DESCRIPTION
Other physical details illustrations, map ;
Dimensions 24 cm
100 1# - MAIN ENTRY--PERSONAL NAME
Personal name Sheppard, Eric S.,
Relator term author.
9 (RLIN) 42388
245 10 - TITLE STATEMENT
Title Limits to globalization :
Remainder of title disruptive geographies of capitalist development /
Statement of responsibility, etc Eric Sheppard.
250 ## - EDITION STATEMENT
Edition statement First edition.
260 ## - PUBLICATION, DISTRIBUTION, ETC. (IMPRINT)
Place of publication, distribution, etc Oxford
Name of publisher, distributor, etc Oxford University Press
Date of publication, distribution, etc 2016
300 ## - PHYSICAL DESCRIPTION
Extent xx, 212 pages :
504 ## - BIBLIOGRAPHY, ETC. NOTE
Bibliography, etc Includes bibliographical references (pages 161-199) and index.
650 #0 - SUBJECT ADDED ENTRY--TOPICAL TERM
Topical term or geographic name as entry element Economic geography.
9 (RLIN) 36099
650 #0 - SUBJECT ADDED ENTRY--TOPICAL TERM
Topical term or geographic name as entry element Capitalism.
9 (RLIN) 3
650 #0 - SUBJECT ADDED ENTRY--TOPICAL TERM
Topical term or geographic name as entry element Globalization
General subdivision Economic aspects.
9 (RLIN) 42389
650 #7 - SUBJECT ADDED ENTRY--TOPICAL TERM
Topical term or geographic name as entry element Capitalism.
Source of heading or term fast
9 (RLIN) 3
650 #7 - SUBJECT ADDED ENTRY--TOPICAL TERM
Topical term or geographic name as entry element Economic geography.
Source of heading or term fast
9 (RLIN) 36099
650 #7 - SUBJECT ADDED ENTRY--TOPICAL TERM
Topical term or geographic name as entry element Globalization
General subdivision Economic aspects.
Source of heading or term fast
9 (RLIN) 42389
906 ## - LOCAL DATA ELEMENT F, LDF (RLIN)
a 7
b cbc
c copycat
d 2
e ncip
f 20
g y-gencatlg
942 ## - ADDED ENTRY ELEMENTS (KOHA)
Source of classification or shelving scheme Library of Congress Classification
Koha item type Monograph ( Printed materials)
Holdings
Withdrawn status Lost status Source of classification or shelving scheme Damaged status Not for loan Collection code Home library Current library Shelving location Date acquired Total Checkouts Full call number Barcode Date last seen Price effective from Koha item type
    Library of Congress Classification     Main Collection ARRUPE LIBRARY ARRUPE LIBRARY Main Collection 20/09/2018   HF1025 .S477 2016 46600002100 01/10/2018 20/09/2018 Monograph ( Printed materials)

 

Arrupe Library. PO Box MP320 Mt Pleasant, Harare, Zimbabwe
263 242 745411|librarian@aju.ac.zw